Countries of the Pacific Islands - Statistics

General Stats
  • This quiz has been taken 130 times
  • The average score is 11 of 14
Answer Stats
Starting 2 letters Answer % Correct
Fi Fiji
99%
Ki Kiribati
91%
Tu Tuvalu
88%
Sa Samoa
87%
Mi Micronesia
85%
To Tonga
84%
Va Vanuatu
84%
So Solomon Islands
81%
Na Nauru
80%
Pa Palau
78%
Ma Marshall Islands
75%
Pa Papua New Guinea
60%
Co Cook Islands
47%
Ni Niue
39%
No matching quizzes found
Score Distribution
Percent of People with Each Score
Percentile by Number Answered
Your Score History
You have not taken this quiz